Statistics for Biggest city, Second biggest city and Capital city of every Country 206 to 242 Quiz

Click here to take the quiz!

General Stats

  • This quiz has been taken 30 times
  • The average score is 16 of 82

Answer Stats

Country_____ CityCity% Correct
Hong KongBiggestHong Kong
80%
GibraltarBiggestGibraltar
76%
French GuianaBiggestCayenne
72%
Puerto RicoBiggestSan Juan
72%
MacauBiggestMacau
68%
MartiniqueBiggest{Fort}-de-France
56%
BermudaBiggestSaint George
52%
AscensionBiggestGeorgetown
48%
Cayman IslandsBiggestGeorge Town
48%
Isle of ManBiggestDouglas
44%
PitcairnBiggestAdamstown
44%
SvalbardBiggestLongyearbyen
40%
Tristan da CunhaBiggest{Edinburgh} of the Seven Seas
40%
St Pierre and MiquelonBiggestSaint Pierre
40%
New CaledoniaBiggestNouméa
40%
Northern Mariana IslandsBiggestSaipan
40%
Falkland IslandsBiggestStanley
40%
RéunionBiggestSaint-Denis
36%
American SamoaCapitalPago Pago
36%
GuamCapitalHagåtña
32%
US Virgin IslandsBiggestCharlotte Amalie
32%
GuadeloupeCapitalBasse-Terre
32%
Christmas IslandBiggestFlying Fish Cove or The Settlement
32%
French PolynesiaCapitalPapeete
32%
JerseyBiggestSaint Helier
28%
BermudaSecondHamilton
28%
St HelenaCapitalJamestown
28%
SabaSecondSaint Johns
24%
Norfolk IslandBiggestKingston
24%
Sint EustatiusBiggestOranjestad
20%
AnguillaCapitalThe Valley
20%
(British) Virgin IslandsBiggestRoad Town
20%
Wallis and FutunaBiggestMata-Utu
20%
St Pierre and MiquelonSecondMiquelon-Langlade
20%
MontserratCapitalPlymouth or Brades
16%
MayotteBiggestMamoudzou
16%
Turks and Caicos IslandsCapitalCockburn Town
16%
GuernseyBiggestSaint Peter Port
16%
French PolynesiaBiggestFaaa
16%
Cocos IslandsSecondWest Island
16%
St HelenaSecondSaint Paul's
12%
SabaBiggestThe Bottom
12%
RéunionSecondSaint-Paul
12%
TokelauBiggestAtafu
8%
St MartinCapitalMarigot
8%
SvalbardSecondBarentsburg
8%
Norfolk IslandSecond{Burnt} Pine
8%
AscensionSecond{Cat Hill} US Military Base
4%
BonaireBiggestKralendijk
4%
Cocos IslandsBiggestHome Island (Bantam Village)
4%
French GuianaSecondSaint-Laurent-du-Maroni
4%
GuamBiggestDededo
4%
GuadeloupeBiggestLes {Abymes}
4%
St BarthélemyBiggestGustavia
4%
St MartinBiggestGrand Case
0%
St MartinSecondConcordia - Spring
0%
Turks and Caicos IslandsSecondFive Cays
0%
US Virgin IslandsSecondTutu
0%
Turks and Caicos IslandsBiggestHonda Road
0%
TokelauSecondFakaofo
0%
American SamoaBiggestTafuna
0%
St HelenaBiggestHalf Tree Hollow
0%
GuernseySecondVale
0%
AnguillaBiggestSouth Hill
0%
AnguillaSecondStoney Ground
0%
BonaireSecondRincon
0%
Cayman IslandsSecondBodden Town
0%
Falkland IslandsSecondMount Pleasant
0%
French PolynesiaSecondPunaauia
0%
GuadeloupeSecondBaie-Mahault
0%
GuamSecondMachanao
0%
Isle of ManSecondOnchan
0%
Puerto RicoSecondBayamón
0%
JerseySecondSaint Saviour
0%
MartiniqueSecondLe {Lamentin}
0%
American SamoaSecondNu'uuli
0%
MayotteSecondKoungou
0%
MontserratBiggestLook Out
0%
MontserratSecondDavy Hill
0%
New CaledoniaSecondDumbéa
0%
Northern Mariana IslandsSecondTinian (& Aguijan)
0%
Wallis and FutunaSecondUtufua
0%

Score Distribution

Percentile by Number Answered

Percent of People with Each Score

Your Score History

You have not taken this quiz